000
00306nam a22001337a 4500
008
180924b xxu||||| |||| 00| 0 eng d
020
_a
0899643418
041
_a
eng
080
_a
339.138
100
_a
60
101
_a
MKT
245
_a
Integrated Marketing Communication
_c
Sevier, R.A
942
_2
udc
_c
BK
999
_c
48384
_d
48384